000 00809nam a2200265Ia 4500
001 Para_4228
003 CHAP
008 220125s1936 xx 000 0 und d
010 _a202776
040 _cCHAP
090 _aPA FOLLETO 1287
100 _aKaston, B. J
_962785
245 _aThe morphology of the elm bark beetle Hylurgopinus rufipes (eichhoff) /
_c B. J. Kaston
260 _aStorrs, Connecticut :
_b Agricultural Experiment Station
300 _ap.p. 614-650
440 _aConnecticut Agr. Exp. Sta. Bull; 387
_9168157
650 _aHylurgopinus rufipes Scolytidae Olmo
_x Plagas
_9168158
901 _aPA FOLLETO 1287
902 _aA
905 _a0000001936 STO 0000000000 00
910 _a1936
942 _cPARA
942 _cPARA
_d1
999 _c202776
_d202776